Songs in Movies (Disney) - Statistics

General Stats
  • This quiz has been taken 356 times
  • The average score is 12 of 15
Answer Stats
Hint Answer % Correct
In Summer Frozen
97%
Colours of the wind Pocahontas
96%
I'll make you a man Mulan
95%
How far I'll go Moana
89%
Be Prepared Lion King
87%
One jump ahead Aladdin
86%
Go the distance Hercules
84%
I see the light Tangled
84%
Poor unfortunate souls Little Mermaid
77%
Remember me Coco
67%
Strangers like me Tarzan
66%
Try Everything Zootopia
66%
Ma belle Evangeline Princess and the Frog
60%
God help the outcasts Hunchback of Notre Dame
59%
Why should I worry Oliver & Company
54%
No matching quizzes found
Score Distribution
Percent of People with Each Score
Percentile by Number Answered
Your Score History
You have not taken this quiz